[Event "Bratto Gorgonzola op-B"]
[Site "Bratto"]
[Date "2006.08.26"]
[Round "7"]
[White "Spano Cuomo, Gaetano"]
[Black "Peron, Davide"]
[Result "0-1"]
[WhiteElo "1880"]
[BlackElo "1724"]
[PlyCount "80"]
[EventDate "2006.08.20"]
[EventType "swiss"]
[EventRounds "8"]
[EventCountry "ITA"]
[SourceTitle "EXT 2008"]
[Source "ChessBase"]
[SourceDate "2007.11.25"]
[SourceVersion "1"]
[SourceVersionDate "2007.11.25"]
[SourceQuality "1"]

1. d4 Nf6 2. c4 e6 3. Nc3 Bb4 4. a3 Bxc3+ 5. bxc3 0-0 6. Bg5 d5 7. Nf3 h6 8. Bh4 c6 9. e3 Nbd7 10. Be2 Qa5 11. Qc2 Ne4 12. Be7 Re8 13. Bb4 Qc7 14. a4 c5 15. dxc5 Ndxc5 16. cxd5 exd5 17. Nd4 Bd7 18. 0-0 a5 19. Bxc5 Qxc5 20. Bb5 Bxb5 21. Nxb5 Rac8 22. Rac1 Rc6 23. Qd3 Qc4 24. Qxc4 Rxc4 25. f3 Nd2 26. Rfd1 Nb3 27. Rb1 Nc5 28. Nd6 Rxe3 29. Nxc4 dxc4 30. Rb5 Nxa4 31. Rxb7 Rd3 32. Ra1 Nxc3 33. Rxa5 Rd1+ 34. Kf2 Rd2+ 35. Kg3 Ne2+ 36. Kh4 g5+ 37. Kh5 Kg7 38. Kg4 Kg6 39. f4 Nxf4 40. Raa7 Rd3 0-1

[Event "Rivarolo Mantovano op"]
[Site "Rivarolo Mantovano"]
[Date "2003.10.12"]
[Round "3"]
[White "Peron, Davide"]
[Black "Gallo, Carlo"]
[Result "1/2-1/2"]
[WhiteElo "1585"]
[BlackElo "1654"]
[PlyCount "108"]
[EventDate "2003.10.11"]
[EventType "swiss"]
[EventRounds "6"]
[EventCountry "ITA"]
[SourceTitle "EXT 2007"]
[Source "ChessBase"]
[SourceDate "2006.11.23"]
[SourceVersion "1"]
[SourceVersionDate "2006.11.23"]
[SourceQuality "1"]

1. e4 c5 2. Nf3 d6 3. Bb5+ Bd7 4. Bxd7+ Nxd7 5. 0-0 Ngf6 6. d3 g6 7. Nc3 Bg7 8. h3 0-0 9. Re1 a6 10. e5 dxe5 11. Nxe5 Nxe5 12. Rxe5 e6 13. Bg5 Qc7 14. Re1 b5 15. Qf3 Nd7 16. Rab1 Ne5 17. Qe3 Qc6 18. Bh6 Bxh6 19. Qxh6 f6 20. Qe3 Rae8 21. Ne4 Nd7 22. Re2 Kg7 23. Rbe1 e5 24. f3 f5 25. Nd2 Nf6 26. Qf2 Qc7 27. b3 Nd5 28. Nb1 Nf4 29. Re3 Kf6 30. c4 b4 31. Qh4+ Kg7 32. g3 Nh5 33. f4 Qf7 34. Rxe5 Rxe5 35. Rxe5 Re8 36. Kf2 Rxe5 37. fxe5 Qe6 38. d4 cxd4 39. Qxd4 Kh6 40. Qd5 Qb6+ 41. c5 Qa5 42. Qd2+ f4 43. gxf4 Qxc5+ 44. Qe3 Qc2+ 45. Nd2 Qf5 46. h4 Qxf4+ 47. Qxf4+ Nxf4 48. Kg3 g5 49. hxg5+ Kxg5 50. Nc4 Kf5 51. Na5 h5 52. Kh4 Nd3 53. Nc6 a5 54. Kxh5 Nxe5 1/2-1/2

[Event "Crema op 04th"]
[Site "Crema"]
[Date "2002.09.06"]
[Round "1"]
[White "Miatello, Alberto"]
[Black "Peron, Davide"]
[Result "1/2-1/2"]
[WhiteElo "1878"]
[BlackElo "1516"]
[PlyCount "108"]
[EventDate "2002.09.06"]
[EventType "swiss"]
[EventRounds "6"]
[EventCountry "ITA"]
[SourceTitle "EXT 2007"]
[Source "ChessBase"]
[SourceDate "2006.11.23"]
[SourceVersion "1"]
[SourceVersionDate "2006.11.23"]
[SourceQuality "1"]

1. e4 c5 2. Nf3 d6 3. d4 cxd4 4. Nxd4 Nf6 5. Nc3 a6 6. Bc4 e5 7. Nf5 Be6 8. Bxe6 fxe6 9. Ne3 Be7 10. Ng4 Nbd7 11. Nxf6+ Nxf6 12. Bg5 0-0 13. Bxf6 Rxf6 14. 0-0 Qc7 15. a4 Raf8 16. Qd3 Qc5 17. Nd1 Rf4 18. c3 Bh4 19. g3 Rf3 20. Qd2 Be7 21. b4 Qc4 22. Qa2 Qxa2 23. Rxa2 Bg5 24. h4 Be7 25. Rd2 h6 26. Ne3 h5 27. Nd1 g6 28. Re1 Rc8 29. Kg2 Rcf8 30. Re3 Rxe3 31. Nxe3 Rc8 32. Rc2 b6 33. c4 Kf7 34. Kf1 g5 35. hxg5 Bxg5 36. Ke2 Be7 37. Kd3 h4 38. gxh4 Bxh4 39. f3 Be1 40. Rb2 a5 41. Nc2 Bxb4 42. Nxb4 axb4 43. Rxb4 Rc6 44. Rb1 Ke8 45. Rh1 Rc7 46. Rh8+ Kd7 47. Rh7+ Kc6 48. Rh1 Rf7 49. Rf1 Kc5 50. Kc3 Rd7 51. Kb3 Rf7 52. Rf2 Rf4 53. Kc3 Rf7 54. Kb3 Rf4 1/2-1/2